Slovenský bankový sektor a perspektívy jeho vývoja grant mladých vedeckých pracovníkov č. 2315019
Gespeichert in:
| 1. Verfasser: | |
|---|---|
| Weitere Verfasser: | , , , |
| Format: | Buch |
| Sprache: | Slowakisch |
| Veröffentlicht: |
Bratislava
2010
|
| Schlagworte: | |
| Tags: |
Keine Tags, Fügen Sie das erste Tag hinzu!
|
MARC
| LEADER | 00000nam a2200000 4500 | ||
|---|---|---|---|
| 001 | 0124392 | ||
| 005 | 20240503085830.7 | ||
| 041 | 0 | |a slo | |
| 044 | |a SK | ||
| 245 | 1 | 0 | |a Slovenský bankový sektor a perspektívy jeho vývoja |b grant mladých vedeckých pracovníkov č. 2315019 |c Vedúci riešiteľ: Zdenka Střelecká |
| 264 | 1 | |a Bratislava |c 2010 | |
| 300 | |a 12 s. [0,568 AH] | ||
| 610 | 2 | 0 | |a banky |
| 610 | 2 | 0 | |a bankovníctvo |
| 610 | 2 | 0 | |a euro |
| 610 | 2 | 0 | |a eurozóna |
| 610 | 2 | 0 | |a kríza finančná |
| 610 | 2 | 0 | |a trh finančný |
| 610 | 2 | 0 | |a trh finančný medzinárodný |
| 100 | 1 | |a Střelecká, Zdenka | |
| 700 | 1 | |a Korduliak, Peter | |
| 700 | 1 | |a Chorvatovič, Martin | |
| 700 | 1 | |a Dudáková, Nina | |
| 700 | 1 | |a Árendáš, Peter, 1986- | |